| 000 | 00507 a2200193 4500 | ||
|---|---|---|---|
| 005 | 20260203161337.0 | ||
| 008 | 260203b |||||||| |||| 00| 0 eng d | ||
| 020 |
_a9789390012367 _cRs. 3495.00 |
||
| 040 | _aMAIN | ||
| 082 |
_a611.01816 _bS64H |
||
| 100 | _aSingh, Ranjeet Kumar | ||
| 245 | _aHuman molecular genetics | ||
| 260 |
_bAmiga Press _c2026 _aNew Delhi |
||
| 300 | _aviii,221 | ||
| 650 | _aMedical Biotechnology | ||
| 650 | _aMolecular Genetics | ||
| 650 | _aHuman Genetics | ||
| 942 | _cBK | ||
| 999 |
_c395187 _d395187 |
||